000 00438nam a2200181Ia 4500
005 20250423100935.0
008 250422s9999 xx 000 0 und d
020 _a9789351116288
050 _aHX 73 .K86/
100 _aKumar, Dharmendra
245 0 _aSocialism
260 _aNew Delhi, India
260 _bRandom publications
260 _c2015
300 _a301 p
650 _aSocialism. Socialism--Argentina.
942 _cBK
999 _c34809
_d34809